000 00652ngm a22002530a 4500
001 PT37338
003 AR-LpoUNG
005 20210201232327.0
007 co ||u|||uuuuu
008 191001suuuu||||xxc|||||||||||||||||spa d
040 _aAR-LpoUNG
_bspa
_cAR-LpoUNG
_eaacr
041 _aspa
044 _axxc
245 1 0 _aCorel draw 7, Manual del usuario
260 _aOntario :
_bCorel Corporation,
_cs.f.
520 _aMANUAL DEL USUARIO
650 4 _aCOMPUTACION
650 4 _aMANUAL
650 4 _aMATERIAL DE REFERENCIA
651 4 _aDOCUMENTOS TEORICOS O METODOLOGICOS
710 2 _aCorel Corporation
905 _a37338
942 _cCDDVD
999 _c53360
_d53360